000 00589cam a2200229 4500
008 090401t1994 xxu||||| |||| 00| 0 eng d
020 _a1873394071
035 _a(Sirsi) u47726
041 _aeng
050 _a693.21
100 _aLynch, Gerard
245 _aBrickwork: history, technology and practice. Volume 2.
260 _aLondon
_bDonhead
_c1994
300 _axii,196p. : ill. ; 25cm.
350 _a0
650 _aBRICK CONSTRUCTION
650 _aBRICKS
650 _aBRICKWORK
690 _aBUILT ENVIRONMENT-BUILDING MATERIALS
942 _n0
948 _c04/03/1997
999 _c92183
_d92183